Name a valid European City - Statistics

General Stats
  • This quiz has been taken 114 times
  • The average score is 12 of 16
Answer Stats
Name a city... # Answer % Correct
... which is a capital on the Danube 4 Vienna | Bratislava | Budapest | Belgrade
98%
... which in the UK and has a population of over 1,000,000 2 London | Birmingham
97%
... which is in Italy and has a population of over 1,000,000 2 Rome | Milan
97%
... which is in Germany and has a population of over 1,000,000 4 Berlin | Hamburg | Munich | Cologne
96%
... which is mainly served by an airport with an annual passenger number of above 65 million (in 2023) 3 London | Istanbul | Paris
96%
... which is in Europe, but not entirely 1 Istanbul
88%
... which is home to a football club that has won the UEFA Champions League in the 21st century and is not in Spain 6 Munich | Milan | Porto | Liverpool | Manchester | London
85%
... which hosted Olympic Winter Games 6 Oslo | Innsbruck | Grenoble | Sarajevo | Turin | Sochi
82%
... which hosted the Eurovision Song Contest more than three times 3 London | Dublin | Luxembourg
80%
... which is also a country (i.e. the only municipality) 2 Monaco | Vatican City
80%
... which hosted Olympic Summer Games, but is not the capital of its country 3 Antwerp | Munich | Barcelona
73%
... which made the top ten of the Global Liveability Index 2024, but is not Vienna 3 Copenhagen | Zurich | Geneva
68%
... whose Port had a cargo tonnage of above 100,000,000 tons in 2023 6 Rotterdam | Antwerp | Bruges | Novorossiysk | Hamburg | Algeciras
68%
... which is located on a Mediterranean island 11 Limassol | Iraklio | Rhodes | Chania | Palermo | Catania | Messina | Cagliari | Sassari | Syracuse | Palma de Mallorca
65%
... which is the capital of its country, but not the biggest city population-wise 3 Nicosia | Valletta | San Marino | Vaduz
35%
... which is in Scandinavia, but more than 20 kilometres away from the seashore 8 Västerås | Uppsala | Linköping | Örebro | Jönköping | Borås | Eskilstuna | Södertälje
31%
No matching quizzes found
Score Distribution
Percent of People with Each Score
Percentile by Number Answered
Your Score History
You have not taken this quiz